Scotland to pilot seller's surveys (Record no. 73746)

MARC details
000 -LEADER
fixed length control field 01283cam a2200253 4500
001 - CONTROL NUMBER
control field WB3942-13
008 - FIXED-LENGTH DATA ELEMENTS--GENERAL INFORMATION
fixed length control field 031105n2003 000 0 eng u
035 ## - SYSTEM CONTROL NUMBER
System control number (Sirsi) u124239
245 ## - TITLE STATEMENT
Title Scotland to pilot seller's surveys
260 ## - PUBLICATION, DISTRIBUTION, ETC.
Date of publication, distribution, etc. 2003
490 ## - SERIES STATEMENT
Series statement Scottish Executive News Release
Volume/sequential designation (SEnw1024/2003) 5 November 2003 (3)
520 ## - SUMMARY, ETC.
Summary, etc. Seller's surveys are to be piloted in four areas in Scotland from April 2004. In the pilot, sellers will pay for a survey when their properties go on the market. The survey will provide a comprehensive guide to the property's condition, together with a valuation, whereas in the established system in Scotland, most home purchasers only pay for a valuation not a survey. The proposed single survey linked to a house sale is designed to tackle weaknesses in the house buying and selling system as identified by the Housing Improvement Task Force http://www.scotland.gov.uk/pages/news/2003/11/SEnw1024.aspx
590 ## - LOCAL NOTE (RLIN)
Local note WB
650 ## - SUBJECT ADDED ENTRY--TOPICAL TERM
Topical term or geographic name entry element SCOTLAND
650 ## - SUBJECT ADDED ENTRY--TOPICAL TERM
Topical term or geographic name entry element HOUSING IMPROVEMENT TASK FORCE
650 ## - SUBJECT ADDED ENTRY--TOPICAL TERM
Topical term or geographic name entry element HOUSE SURVEYS
650 ## - SUBJECT ADDED ENTRY--TOPICAL TERM
Topical term or geographic name entry element SINGLE SURVEYS
650 ## - SUBJECT ADDED ENTRY--TOPICAL TERM
Topical term or geographic name entry element INVERNESS
650 ## - SUBJECT ADDED ENTRY--TOPICAL TERM
Topical term or geographic name entry element EDINBURGH
650 ## - SUBJECT ADDED ENTRY--TOPICAL TERM
Topical term or geographic name entry element DUNDEE
650 ## - SUBJECT ADDED ENTRY--TOPICAL TERM
Topical term or geographic name entry element GLASGOW
690 ## - LOCAL SUBJECT ADDED ENTRY--TOPICAL TERM (OCLC, RLIN)
Topical term or geographic name as entry element PROPERTY-RESIDENTIAL PROPERTY-RESIDENTIAL PROPERTY MARKET
942 ## - ADDED ENTRY ELEMENTS (KOHA)
Suppress in OPAC 0
Holdings
Withdrawn status Lost status Source of classification or shelving scheme Damaged status Not for loan Home library Current library Shelving location Date acquired Total Checkouts Full call number Barcode Date last seen Copy number Price effective from Koha item type
    Dewey Decimal Classification     London London News article 05/11/2003   WB3942-13 124239-1001 06/08/2019 1 06/08/2019 News article